Agriculture in Asia-Pacific commonwealth (Record no. 610218)

MARC details
000 -LEADER
fixed length control field 00708nam a2200253Ia 4500
003 - CONTROL NUMBER IDENTIFIER
control field OSt
005 - DATE AND TIME OF LATEST TRANSACTION
control field 20220926004224.0
008 - FIXED-LENGTH DATA ELEMENTS--GENERAL INFORMATION
fixed length control field 220923b |||||||| |||| 00| 0 eng d
020 ## - INTERNATIONAL STANDARD BOOK NUMBER
International Standard Book Number 0876924593
037 ## - SOURCE OF ACQUISITION
Terms of availability General Book
040 ## - CATALOGING SOURCE
Original cataloging agency RTL
Transcribing agency RTL
Language of cataloging eng
041 ## - LANGUAGE CODE
Source of code eng
Language code of text/sound track or separate title eng
100 ## - MAIN ENTRY--PERSONAL NAME
Personal name Rangaswami G
9 (RLIN) 308560
245 #0 - TITLE STATEMENT
Title Agriculture in Asia-Pacific commonwealth
260 ## - PUBLICATION, DISTRIBUTION, ETC.
Place of publication, distribution, etc. New Delhi
Name of publisher, distributor, etc. Prentice-Hall Of India India
Date of publication, distribution, etc. 1987
300 ## - PHYSICAL DESCRIPTION
Extent iv,225p
Dimensions cm.
500 ## - GENERAL NOTE
General note Appendix P 197-215
650 ## - SUBJECT ADDED ENTRY--TOPICAL TERM
Topical term or geographic name entry element Industry
942 ## - ADDED ENTRY ELEMENTS (KOHA)
Classification part X9(J).1N48.N8, M7
Koha item type General Books
Source of classification or shelving scheme Colon Classification (CC)
Holdings
Withdrawn status Lost status Damaged status Not for loan Home library Current library Date acquired Total Checkouts Full call number Barcode Date last seen Price effective from Koha item type
        Ratan Tata Library Ratan Tata Library 2022-09-26   X9(J).1N48.N8 M7 RT1004241 2022-09-26 2022-09-26 General Books
Copyright @ Delhi University Library System